Pequeño roble / (Registro nro. 12052)

Detalles MARC
000 -LIDER
fixed length control field 01129nam a22003497a 4500
001 - NÚMERO DE CONTROL
Identificador de número de control 000732
003 - IDENTIFICACDOR DE NÚMERO DE CONTROL
control field DO-SdBNP
005 - DATE AND TIME OF LATEST TRANSACTION
control field 20180209143633.0
007 - CAMPOS FIJOS DE DESCRIPCIÓN FÍSICA
fixed length control field 000732
008 - ELEMENTOS DE LONGITUD FIJA
fixed length control field 161123b 1992 sp a ||||| |||| 00| 0 spa d
020 ## - ISBN
International Standard Book Number 8434830965
040 ## - FUENTE DE CATALOGACIÓN
Agencia que crea de manera original el registro BPMSU
Idioma de catalogación spa
Agencia que realiza la transcripción BPMSU
082 ## - NÚMERO DE CLASIFICACIÓN DECIMAL DE DEWEY
Classification number xxxx
Item number xxxx
100 1# - ASIENTO PRINCIPAL -- NOMBRE PERSONAL
Nombre personal O'Callaghan i Duch, Elena,
Fechas asociadas con el nombre 1955-
245 10 - MENCIÓN DE TITULO
Título Pequeño roble /
Mención de responsabilidad Elena O'Callaghan i Duch ; ilustraciones, Carme Pèris ; traducción del catalán, Francesc Sales
250 ## - MENCIÓN DE EDICION
Mención de edición 3ª ed.
260 ## - PUBLICACIÓN, DISTRIBUCIÓN, ETC. (PIE DE IMPRENTA)
Lugar de publicación, distribución, etc Madrid :
Nombre del editor, distribuidor, etc. SM,
Fecha de publicación, distribución, etc 1992.
300 ## - DESCRIPCIÓN FÍSICA
Extensión 139 p. :
Otros detalles físicos il. ;
Dimensiones 19 cm.
490 1# - MENCIÓN DE SERIES
Mención de serie Barco de vapor. Serie naranja
Volume/sequential designation 64
490 1# - MENCIÓN DE SERIES
Mención de serie El barco de vapor
Volume/sequential designation 196
500 ## - NOTA GENERAL
Nota general "A partir de 9 años"
500 ## - NOTA GENERAL
Nota general Incluye datos de la autora
500 ## - NOTA GENERAL
Nota general Traducción de: El petit roure
586 ## - AWARDS NOTE
Awards note Premio El Vaixell de Vapor 1987
700 12 - ASIENTO SECUNDARIO -- NOMBRE PERSONAL
Nombre personal Pèris, Carme,
Mención de responsabilidad il.
700 12 - ASIENTO SECUNDARIO -- NOMBRE PERSONAL
Nombre personal Sales, Francesc,
Mención de responsabilidad tr.
830 #0 - ASIENTO SECUNDARIO DE SERIE--TÍTULO UNIFORME
Título uniforme Barco de vapor. Serie naranja ;
Volume number/sequential designation 64
830 #0 - ASIENTO SECUNDARIO DE SERIE--TÍTULO UNIFORME
Título uniforme El barco de vapor ;
Volume number/sequential designation 196
942 ## - ADDED ENTRY ELEMENTS (KOHA)
Source of classification or shelving scheme Dewey Decimal Classification
Koha item type Libros
945 ## - INFORMACIÓN DE PROCESAMIENTO LOCAL
Información de procesamiento local Inventariado, 2008 / YL
956 ## - LOCAL ELECTRONIC LOCATION AND ACCESS (OCLC)
Método de acceso LOPEREZ
Materiales especificados 10
Enlace 20161123
Campo enlazado y núm. de secuencia BPMSU
Nombre de host 00041
Existencias
Withdrawn status Lost status Source of classification or shelving scheme Damaged status Not for loan Collection code Home library Current library Date acquired Source of acquisition Total Checkouts Full call number Barcode Date last seen Price effective from Koha item type Copy number
    Dewey Decimal Classification     Colección Infantil General Biblioteca Pública Metropolitana Salomé Ureña Biblioteca Pública Metropolitana Salomé Ureña 11/23/2016 FUNDI   xxxx xxxx BPMSU16111506 11/23/2016 11/23/2016 Libros  
    Dewey Decimal Classification     Colección Infantil General Biblioteca Pública Metropolitana Salomé Ureña Biblioteca Pública Metropolitana Salomé Ureña 11/23/2016 FUNDI   xxxx xxxx BPMET16111512 11/23/2016 11/23/2016 Libros ej. 2